Biblioteca

El arte de la resurrección (Registro nro. 65968)

Detalles MARC
000 -LÍDER
Campo fijo de descripción fija 01687nam a2200325 i 4500
001 - NÚMERO DE CONTROL
Campo de control 768714001
003 - IDENTIFICADOR DEL NÚMERO DE CONTROL
Campo de control CO-MdFUSB
005 - FECHA Y HORA DE LA ULTIMA TRANSACCIÓN
control field 20210305123057.0
007 - CAMPO FIJO DE DESCRIPCIÓN FIJA--INFORMACIÓN GENERAL
Campo fijo de descripción fija ta
008 - ELEMENTOS DE LONGITUD FIJA -- INFORMACIÓN GENERAL
Campo fijo de descripción fija -- Información general 200602t2010 mx |||| |||| 00| 0 spa d
020 ## - NÚMERO INTERNACIONAL NORMALIZADO PARA LIBROS
Número Internacional Normalizado del libro 9788420406039
040 ## - FUENTE DE CATALOGACIÓN
Agencia de catalogación original CO-MdFUSB
Idioma de catalogación spa
Agencia que realiza la transcripción CO-MdFUSB
Agencia que realiza la modificación CO-MdFUSBC
Convenciones de la descripción rda
041 ## - CÓDIGO DE IDIOMA
Código de idioma para texto/pista de sonido o título separado spa
082 ## - NÚMERO DE CLASIFICACIÓN DECIMAL DEWEY
Número de la edición del Dewey 23
Número de clasificación 863.64
Clave de autor-Numero de item R621
100 ## - ASIENTO PRINCIPAL--NOMBRE PERSONAL
Nombre personal Rivera Letelier, Hernán
Término relacionador autor
245 #3 - TÍTULO
Título del Material El arte de la resurrección
Mención de responsabilidad, etc. / Hernán Rivera Letelier
264 #1 - PRODUCCIÓN, PUBLICACIÓN, DISTRIBUCIÓN, MANUFACTURA, Y COPYRIGHT
Lugar de producción, publicación, distribución, manufactura México, D.F. :
Nombre del productor, publicador, distribuidor Alfaguara,
Fecha de producción, publicación, distribución, manufactura, o copyright [2010]
264 #4 - PRODUCCIÓN, PUBLICACIÓN, DISTRIBUCIÓN, MANUFACTURA, Y COPYRIGHT
Fecha de producción, publicación, distribución, manufactura, o copyright © 2010
300 ## - DESCRIPCIÓN FÍSICA
Extensión 254 páginas
Dimensiones ; 24 cm
336 ## - TIPO DE CONTENIDO
Fuente rdacontent
Término de tipo de contenido texto
Código de tipo de contenido txt
337 ## - TIPO DE MEDIO
Fuente rdamedia
Nombre del tipo de medio sin mediación
Código del tipo de medio n
338 ## - TIPO DE SOPORTE
Fuente rdacarrier
Nombre del tipo de soporte volumen
Código Tipo de soporte nc
490 ## - MENCIÓN DE SERIE
Mención de serie Premio Alfaguara de novela
520 ## - NOTA DE RESUMEN, ETC.
Nota de sumario, etc. "Domingo Zárate Vega comenzó a advertir formas apocalípticas en las nubes y a acertar en la predicción de pequeños desastres. Tras la muerte de su madre, se hace ermitaño en el valle ed Elqui, donde descubre, a través de una visión, que él es nada menos que la reencarnación de Jesucristo. Cuando en 1942 se entera de que en la oficina Providencia vive una prostituta que venera a la Virgen del Carmen y que además se llama Magdalena, sale a buscarla con el propósito de que sea su discípula y amante, y juntos divulgar la inminente llegada del fin del mundo. El desierto chileno y las oficinas salitreras castigadas por el sol son los hostiles parajes donde el iluminado, más conocido como el Cristo de Elqui, causará revuelo entre los lugareños con sus prédicas santas.
563 ## - NOTA DE ENCUADERNACIÓN
Nota de encuadernación Rústico
653 ## - TÉRMINO DE INDIZACIÓN - NO CONTROLADO
Término no controlado segundo advenimiento
653 ## - TÉRMINO DE INDIZACIÓN - NO CONTROLADO
Término no controlado Literatura chilena.
942 ## - TIPO DE MATERIAL (KOHA)
Tipo de Item KOHA Libros General
945 ## - INFORMACIÓN LOCAL DEL REGISTRO
Catalogador JTF-925
Existencias
Estado de Material Estado de Perdido Forma de Clasificación Estado de Dañado No para Préstamo Colección Biblioteca de Origen Biblioteca Permanente Fecha de Adquisición Forma de Adquisición Área Total de Préstamos Signatura Topográfica Código de Barras Última vez visto Ejemplar/Existencia Fecha de Remplazo Tipo de Material
    Dewey Decimal Classification     Colección General Biblioteca FUSBC Biblioteca FUSBC 02/06/2020 Donación Atiencia LITERATURA   G 863.64 R621a 2139 02/06/2020 Ej.1 02/06/2020 Libros General

Biblioteca FUSBC | Teléfono: (57+4) 349 88 10 Ext. 141| WhatsApp (+57) 3005338115 
E-mail: biblioteca@unisbc.edu.co | Calle 76 87-14 Robledo Palenque, Medellín, Colombia

Con tecnología Koha